000 00539nam a22001697a 4500
005 20251108164211.0
008 250721s2009 xx 000 0 ara d
082 1 4 _a337/حمد
100 1 _aحمدان، فتحي إبراهيم
_eمؤلف
245 1 0 _aالعولمة صراع حضارات و ليست إقتصادا عابرا للقارات /
264 1 _aعمان :
_bدار الفاروق،
_c2009.
300 _a215ص.
650 1 7 _aالحضاره
650 1 7 _aالاقتصاد الدولي
942 _2ddc
_cBK
999 _c6211
_d6211